Účtovná závierka v podvojnom účtovníctve, v jednoduchom účtovníctve za rok 2016 - k 31. decembru 2016 bez chýb, pokút a penále

Salvato in:
Dettagli Bibliografici
Altri autori: Brezaniová, Zuzana
Natura: Libro
Lingua:slovacco
Pubblicazione: Žilina Poradca 2017
Soggetti:
Tags: Aggiungi Tag
Nessun Tag, puoi essere il primo ad aggiungerne!!

MARC

LEADER 00000nam a2200000 4500
001 0228053
005 20230109072842.7
022 |a 1335-1583 
041 0 |a slo 
044 |a SK 
245 1 0 |a Účtovná závierka v podvojnom účtovníctve, v jednoduchom účtovníctve za rok 2016 - k 31. decembru 2016  |b bez chýb, pokút a penále  |c zodpovedná redaktorka: Zuzana Brezaniová 
264 1 |a Žilina  |b Poradca  |c 2017 
300 |a 96 s. 
610 2 0 |a účtovníctvo 
610 2 0 |a účtovníctvo jednoduché 
610 2 0 |a účtovníctvo podvojné 
610 2 0 |a závierka účtovná 
610 2 0 |a predpisy právne 
610 2 0 |a zákony 
610 2 0 |a Slovensko 
610 2 0 |a 2016 
700 1 |a Brezaniová, Zuzana